00546nam a2200181Ia 4500003000400000005001700004008004100021020002900062040001700091082001600108100001200124245007900136260003100215300002000246500005100266650002900317700001800346IIN20250520103848.0250520s2024 xx ad 000 0 eng d a9789393885845cRs.750.00 aIINbEnglish a610.73bANB1 aAnbu, T1 aExam Booster Fourth Semester Basic B.Sc Nursing /cT. Anbu & G. Loganathan aBangalore :bEMMESS,c2024 avi, 483p.bill. a According to INC new syllabus 2021-22 onwards aQuestion SolvedvNursing1 aLoganathan, G